书目信息 |
| 题名: |
趣学Python
|
|
| 作者: | 布里格斯 著 ;尹哲 译 | |
| 分册: | ||
| 出版信息: | 北京 人民邮电出版社 2015.02 |
|
| 页数: | 280页 | |
| 开本: | 23cm | |
| 丛书名: | ||
| 单 册: | ||
| 中图分类: | TP311.561 | |
| 科图分类: | ||
| 主题词: | 软件工具--ruan jian gong ju--程序设计 | |
| 电子资源: | ||
| ISBN: | 978-7-115-38143-9 | |
| 000 | 01190nam0 2200313 450 | |
| 001 | CAL 0120151502593 | |
| 005 | 20150806153443.64 | |
| 010 | @a978-7-115-38143-9@dCNY59.00 | |
| 100 | @a20150303d2015 em y0chiy50 ea | |
| 101 | 1 | @achi@ceng |
| 102 | @aCN@b110000 | |
| 105 | @aa z 000yy | |
| 106 | @ar | |
| 200 | 1 | @a趣学Python@Aqu xue Python@d= Python for kids@e教孩子学编程@f(美) Jason R. Briggs著@g尹哲译@zeng |
| 210 | @a北京@c人民邮电出版社@d2015.02 | |
| 215 | @a280页@c彩图@d23cm | |
| 306 | @a由美国No Starch出版社授权出版 | |
| 314 | @a责任者规范汉译姓: 布里格斯 | |
| 330 | @a本书共分为3部分, 共18章。第1部分介绍Python编程基础知识, Python知识的安装和配置、变量、字符串等。第2部分介绍如何用Python件语句、循环语句函数和模块、类、内建函数和绘图等。第3部分介绍了火柴人实例游戏的开发过程。 | |
| 500 | 10 | @aPython for kids@mChinese |
| 517 | 1 | @a教孩子学编程@Ajiao hai zi xue bian cheng |
| 586 | @a | |
| 606 | 0 | @a软件工具@Aruan jian gong ju@x程序设计 |
| 610 | 0 | @aPython |
| 690 | @aTP311.561@v5 | |
| 701 | 1 | @a布里格斯@Abu li ge si@g(Briggs, Jason R.)@4著 |
| 702 | 0 | @a尹哲@Ayin zhe@4译 |
| 801 | 0 | @aCN@c20150820 |
| 905 | @a河南城建学院图书馆@dTP311.561@eB982@f3 | |
| 趣学Python= Python for kids:教孩子学编程/(美) Jason R. Briggs著/尹哲译.-北京:人民邮电出版社,2015.02 |
| 280页:彩图;23cm |
| ISBN 978-7-115-38143-9:CNY59.00 |
| 本书共分为3部分, 共18章。第1部分介绍Python编程基础知识, Python知识的安装和配置、变量、字符串等。第2部分介绍如何用Python件语句、循环语句函数和模块、类、内建函数和绘图等。第3部分介绍了火柴人实例游戏的开发过程。 |
| ● |
| 相关链接 |
|
|
|
正题名:趣学Python
索取号:TP311.561/B982
 
预约/预借
| 序号 | 登录号 | 条形码 | 馆藏地/架位号 | 状态 | 备注 |
| 1 | 1162292 | 211622920 | 自科库301/301自科库 48排2列1层/ [索取号:TP311.561/B982] | 在馆 | |
| 2 | 1162293 | 211622939 | 自科库301/301自科库 50排3列1层/ [索取号:TP311.561/B982] | 在馆 | |
| 3 | 1162294 | 211622948 | 自科库301/301自科库 50排5列2层/ [索取号:TP311.561/B982] |
已借出,限还日期为2026.09.14 借出人:李山鹰 |